|
|
|
|
| LEADER |
00000nam a2200000 a 4500 |
| 001 |
UCZ8726 |
| 003 |
CL-VaPUC |
| 008 |
960125e19920100CL |||||||||||||||||spa|d |
| 082 |
0 |
4 |
|a 372.4
|b TOR
|2 21
|
| 100 |
0 |
|
|a Torres Girardi, Gabriela
|e author
|9 354079
|
| 700 |
0 |
|
|a Ruiz de Gamboa Feuereisen, Ema
|e author
|9 354080
|
| 245 |
1 |
0 |
|a Mi lectura: texto de lectura y escritura inicial
|
| 250 |
|
|
|a 2a. ed
|
| 300 |
|
|
|a 38 p
|
| 942 |
|
|
|c BK
|
| 945 |
|
|
|d 19960125 00:00:00
|a cmena
|
| 260 |
|
|
|a Santiago
|b Salo
|c 1992
|
| 500 |
|
|
|a Guía del profesor
|
| 650 |
|
0 |
|a Lectura
|9 307634
|
| 650 |
|
0 |
|a Enseñanza de la lectura
|9 308364
|
| 650 |
|
0 |
|a Métodos de enseñanza
|9 270413
|
| 650 |
|
0 |
|a Educación básica
|9 224933
|
| 650 |
|
0 |
|a Rol del docente
|9 329733
|
| 650 |
|
7 |
|a GUIAS PEDAGOGICAS
|2 CL-VaPUC
|9 354081
|
| 650 |
|
0 |
|a Libros de texto
|9 270019
|
| 583 |
|
|
|a last modification
|c 19960125 00:00:00
|k Rodrigo Vera
|
| 999 |
|
|
|c 244547
|d 244545
|
| 952 |
|
|
|0 0
|1 0
|4 0
|6 372_400000000000000_TOR_1992
|7 0
|8 P
|9 258643
|a BIBEDU
|b BIBEDU
|c BIBEDU_PB
|d 2019-11-19
|i 1623206
|o 372.4 TOR 1992
|p 1623206
|r 2024-01-25
|w 2019-11-19
|y BK
|k EDU
|